000 00530nam a2200181Ia 4500
005 20230531112946.0
008 131103s9999 xx 000 0 und d
040 _aLoreto College
041 _aEnglish
082 _a813.08
_bCOC
245 4 _aThe Penguin book of American Short stories
_cedited by James Cochrane
260 _aHarmondsworth
_bPenguin Books
_c1969 (1976 printing)
300 _a423 p.
650 _aShort Stories,American - Collected Works
700 _aCochrane,James,ed.
850 _aLCLIB
942 _cBK
999 _c11824
_d62303